Brauereien Stadt Staffelstein - Map Quiz - Statistiken

Allgemein
  • Dieses Quiz wurde 17 mal gespielt
  • Das Durchschnittsergebnis liegt bei 4 aus 11
Antworten auf der Karte
Die Antworten werden auf der Karte rot bzw. grün angezeigt, abhängig davon wie oft sie richtig erraten wurden.
 
Antwortstatistiken
Antwort % Korrekt
Hopfenrebell
50%
Metzger
50%
Trunk
50%
Dinkel
38%
Hennemann
38%
Hetzel
38%
Staffelbergbräu
38%
Hellmuth
25%
Reblitz
25%
Schwarzer Adler
25%
Thomann
13%
Keine übereinstimmenden Quizze gefunden
Verteilung der Resultate
Anzahl Personen mit jedem Resultat
Perzentil nach korrekt beantworteten Fragen
Ihre Resultats-Entwicklung
Sie haben dieses Quiz noch nicht gespielt